| 000 | 01168nam a2200313Ia 4500 | ||
|---|---|---|---|
| 003 | OSt | ||
| 005 | 20221007121644.0 | ||
| 006 | a|||||r|||| 00| 0 | ||
| 007 | ta | ||
| 008 | 221006b |||||||| |||| 00| 0 eng d | ||
| 020 |
_a8190044117 (hbd) _cRs.500.00 |
||
| 024 | _a4188 | ||
| 037 |
_bJagmander, _cTextual |
||
| 040 |
_aBDL _cBDL _beng |
||
| 041 |
_2eng _aeng |
||
| 082 | _aJ58:6, N6 | ||
| 100 |
_aNizam Jafar Ed _9712684 |
||
| 245 | 0 |
_aGenetic improvement of oilseed crops ed by Jafar Nizam and others _b Farook S A Ed Khan Irfan A Ed |
|
| 260 |
_aHyderabad _bUkaaz Publications _c1996 |
||
| 300 |
_a375p _ccm. |
||
| 500 | _aIncludes bibliographical references; Index p375; ^n23/CSL/Carb/96-97/3737^d1996-11-20^mPurchase; ; 96-97/261^b1996-11-24^cEXB/326/96^d1996-11-29^eJagmander Book Agency; ; 1996-12-10^bSB^c1996-12-16^dSB | ||
| 650 |
_a Breeding _9712685 |
||
| 650 |
_a Oilseeds crop _9712686 |
||
| 650 | _aAgriculture | ||
| 700 |
_a Farook S A Ed _9712687 |
||
| 700 |
_a Khan Irfan A Ed _9712688 |
||
| 942 |
_hJ58:6, N6 _cTEXL _2CC |
||
| 999 |
_c1209147 _d1209147 |
||